[Event "Condigne Dutch Open 2018"]
[Site "Dieren"]
[Date "2018.07.25"]
[Round "2"]
[White "Chanda, Sandipan"]
[Black "Geurink, Jasper"]
[Result "1-0"]
[WhiteElo "2548"]
[BlackElo "2348"]
[Annotator "ChessBase"]
[PlyCount "189"]
[EventDate "2018.07.24"]
[EventType "swiss"]
[EventCountry "NED"]
[SourceTitle "playchess.com"]
[Source "ChessBase"]
[SourceQuality "1"]
[TimeControl "40/5400+30:1800+30"]

1. e4 {[%emt 0:00:00]} e6 {[%emt 0:00:00]} 2. d4 {[%emt 0:00:00]} d5 {[%emt 0:00:00]} 3. Nd2 {[%emt 0:00:07]} Be7 {[%emt 0:00:04]} 4. c3 {[%emt 0:03:24]} c5 {[%emt 0:00:19]} 5. dxc5 {[%emt 0:02:06]} Bxc5 {[%emt 0:00:08]} 6. exd5 {[%emt 0:00:33]} exd5 {[%emt 0:00:05]} 7. Bb5+ {[%emt 0:03:30]} Nc6 {[%emt 0:05:46]} 8. Nb3 {[%emt 0:02:15]} Bb6 {[%emt 0:00:12]} 9. Nf3 {[%emt 0:02:17]} Nf6 {[%emt 0:03:48]} 10. Qe2+ {[%emt 0:01:22]} Ne4 {[%emt 0:11:30]} 11. Be3 {[%emt 0:01:56]} O-O {[%emt 0:01:41]} 12. O-O-O {[%emt 0:03:49]} Re8 {[%emt 0:09:51]} 13. Rhe1 {[%emt 0:02:41]} Bg4 {[%emt 0:06:19]} 14. h3 {[%emt 0:25:13]} Bh5 {[%emt 0:02:38]} 15. g4 {[%emt 0:07:17]} Bg6 {[%emt 0:01:01]} 16. h4 {[%emt 0:12:33]} Nb4 {[%emt 0:30:47]} 17. cxb4 {[%emt 0:14:06]} Rc8+ {[%emt 0:00:39]} 18. Bc5 {[%emt 0:03:03]} Re6 {[%emt 0:01:13]} 19. h5 {[%emt 0:01:31]} Nxc5 {[%emt 0:01:06]} 20. bxc5 {[%emt 0:00:06]} Rxe2 {[%emt 0:03:37]} 21. Rxe2 {[%emt 0:00:04]} Qf6 {[%emt 0:01:58]} 22. hxg6 {[%emt 0:01:00]} Qxf3 {[%emt 0:00:38]} 23. Rde1 {[%emt 0:04:22]} Bxc5 {[%emt 0:08:56]} 24. Re8+ {[%emt 0:01:40]} Rxe8 {[%emt 0:00:05]} 25. Rxe8+ {[%emt 0:00:21]} Bf8 {[%emt 0:00:05]} 26. gxh7+ {[%emt 0:00:23]} Kxh7 {[%emt 0:00:05]} 27. Rxf8 {[%emt 0:00:04]} Qxf2 {[%emt 0:00:25]} 28. Bd3+ {[%emt 0:03:07]} g6 {[%emt 0:00:18]} 29. Re8 {[%emt 0:02:34]} Qf4+ {[%emt 0:02:48]} 30. Kb1 {[%emt 0:00:12]} Qxg4 {[%emt 0:00:11]} 31. Re7 {[%emt 0:00:11]} Qf3 {[%emt 0:00:23]} 32. Nc1 {[%emt 0:00:25]} Kg7 {[%emt 0:03:01]} 33. Rxb7 {[%emt 0:00:07]} Qe3 {[%emt 0:00:35]} 34. Kc2 {[%emt 0:02:41]} g5 {[%emt 0:01:15]} 35. Ne2 {[%emt 0:00:09]} a5 {[%emt 0:00:55]} 36. Rb5 {[%emt 0:01:13]} Qe5 {[%emt 0:00:24]} 37. Nc3 {[%emt 0:00:31]} Qh2+ {[%emt 0:00:17]} 38. Kb3 {[%emt 0:00:18]} g4 {[%emt 0:02:39]} 39. Rxd5 {[%emt 0:00:06]} g3 {[%emt 0:00:04]} 40. Rg5+ {[%emt 0:00:30]} Kh6 {[%emt 0:00:52]} 41. Rg8 {[%emt 0:31:59]} Qg1 {[%emt 0:31:08]} 42. Ne2 {[%emt 0:00:00]} Qb6+ {[%emt 0:00:00]} 43. Kc4 {[%emt 0:00:00]} g2 {[%emt 0:00:00]} 44. Nd4 {[%emt 0:00:00]} Qxb2 {[%emt 0:00:00]} 45. Bc2 {[%emt 0:00:00]} Qxa2+ {[%emt 0:00:00]} 46. Kc5 {[%emt 0:00:00]} Qa3+ {[%emt 0:00:00]} 47. Kd5 {[%emt 0:00:00]} Qa2+ {[%emt 0:00:00]} 48. Ke4 {[%emt 0:02:22]} Qb2 {[%emt 0:00:00]} 49. Kd3 {[%emt 0:00:24]} Qb7 {[%emt 0:00:00]} 50. Ke3 {[%emt 0:00:05]} Qe7+ {[%emt 0:00:00]} 51. Kf3 {[%emt 0:00:14]} Qf6+ {[%emt 0:00:00]} 52. Nf5+ {[%emt 0:00:18]} Kh7 {[%emt 0:00:00]} 53. Rxg2 {[%emt 0:00:11]} Qc3+ {[%emt 0:00:00]} 54. Kf4 {[%emt 0:02:31]} Qf6 {[%emt 0:00:00]} 55. Rg5 {[%emt 0:00:50]} Kh8 {[%emt 0:00:00]} 56. Rg3 {[%emt 0:00:39]} Kh7 {[%emt 0:00:00]} 57. Bb3 {[%emt 0:00:30]} Kh8 {[%emt 0:00:00]} 58. Re3 {[%emt 0:00:23]} Kh7 {[%emt 0:00:00]} 59. Bc2 {[%emt 0:00:36]} Kg8 {[%emt 0:00:00]} 60. Bb3 {[%emt 0:00:21]} Kh7 {[%emt 0:00:00]} 61. Rh3+ {[%emt 0:00:17]} Kg8 {[%emt 0:00:00]} 62. Rd3 {[%emt 0:00:17]} Kh7 {[%emt 0:00:00]} 63. Rd7 {[%emt 0:00:07]} Kg8 {[%emt 0:00:00]} 64. Rb7 {[%emt 0:00:38]} Qc3 {[%emt 0:00:00]} 65. Bxf7+ {[%emt 0:00:10]} Kf8 {[%emt 0:00:00]} 66. Bd5 {[%emt 0:00:59]} Ke8 {[%emt 0:00:00]} 67. Be6 {[%emt 0:01:15]} Qc1+ {[%emt 0:00:00]} 68. Ke5 {[%emt 0:00:17]} Qc3+ {[%emt 0:00:00]} 69. Kd6 {[%emt 0:00:14]} Qa3+ {[%emt 0:00:00]} 70. Kc6 {[%emt 0:00:41]} Qa4+ {[%emt 0:00:00]} 71. Kb6 {[%emt 0:00:39]} Qb4+ {[%emt 0:00:00]} 72. Ka6 {[%emt 0:00:07]} Qf4 {[%emt 0:00:00]} 73. Rb5 {[%emt 0:01:03]} Kd8 {[%emt 0:00:28]} 74. Rd5+ {[%emt 0:00:26]} Ke8 {[%emt 0:00:36]} 75. Rc5 {[%emt 0:00:23]} Qf1+ {[%emt 0:00:22]} 76. Kb7 {[%emt 0:00:13]} Qb1+ {[%emt 0:00:12]} 77. Ka6 {[%emt 0:00:52]} Qf1+ {[%emt 0:00:07]} 78. Bc4 {[%emt 0:00:35]} Qf2 {[%emt 0:00:50]} 79. Rxa5 {[%emt 0:00:27]} Kf8 {[%emt 0:01:08]} 80. Nd6 {[%emt 0:00:37]} Ke7 {[%emt 0:00:29]} 81. Nc8+ {[%emt 0:00:17]} Kf8 {[%emt 0:00:37]} 82. Rd5 {[%emt 0:00:15]} Qb2 {[%emt 0:00:46]} 83. Nb6 {[%emt 0:00:16]} Ke7 {[%emt 0:00:25]} 84. Rf5 {[%emt 0:00:18]} Kd6 {[%emt 0:00:37]} 85. Kb7 {[%emt 0:00:22]} Qg7+ {[%emt 0:00:12]} 86. Bf7 {[%emt 0:00:30]} Qg2+ {[%emt 0:00:10]} 87. Bd5 {[%emt 0:00:42]} Qb2 {[%emt 0:00:05]} 88. Rf7 {[%emt 0:00:36]} Kc5 {[%emt 0:00:44]} 89. Rc7+ {[%emt 0:00:26]} Kd4 {[%emt 0:00:05]} 90. Rc4+ {[%emt 0:00:16]} Ke5 {[%emt 0:00:05]} 91. Kc6 {[%emt 0:00:06]} Kf6 {[%emt 0:00:24]} 92. Nd7+ {[%emt 0:00:15]} Ke7 {[%emt 0:01:07]} 93. Re4+ {[%emt 0:00:24]} Kd8 {[%emt 0:00:06]} 94. Nc5 {[%emt 0:00:21]} Qh8 {[%emt 0:00:57]} 95. Nb7+ {[%emt 0:00:15]} 1-0

[Event "Condigne Dutch Open 2018"]
[Site "Dieren"]
[Date "2018.07.25"]
[Round "2"]
[White "Krysa, Leandro"]
[Black "Krishnater Kushager"]
[Result "1-0"]
[WhiteElo "2533"]
[BlackElo "2209"]
[Annotator "TA"]
[PlyCount "65"]
[EventDate "2018.07.24"]
[EventType "swiss"]
[EventCountry "NED"]
[SourceTitle "playchess.com"]
[Source "ChessBase"]
[SourceQuality "1"]

{[%evp 20,65,27,33,15,25,26,18,27,21,39,46,39,43,39,25,116,127,136,122,147,159,140,97,82,81,85,84,68,88,175,171,164,158,154,136,150,138,147,145,164,158,178,150,211,202,194,194]} 1. e4 e5 2. Nf3 Nc6 3. Bc4 Nf6 4. d3 Bc5 5. c3 d6 6. Bb3 a6 7. Nbd2 {[%cal Bb1d2,Bd2f1,Bf1g3][%mdl 32]} h6 {C54: Giuoco Piano: 4 c3 Nf6, main lines with 5 d4 and 5 d3} (7... O-O 8. h3 Be6 9. Nf1 d5 10. Qe2 dxe4 11. dxe4 Bxb3 12. axb3 Ne8 13. b4 Ba7 14. g4 Nd6 15. Ng3 Qf6 16. h4 Qe6 {½-½ (70) Duda,J (2717)-Fressinet,L (2662) Katowice 2017}) 8. Nf1 O-O 9. Ng3 d5 10. exd5 Nxd5 11. O-O {LiveBook: 4 Games} Re8 12. Re1 Nf6 13. h3 Be6 {[#]} 14. Bc2 $146 ({Predecessor:} 14. Ne4) 14... Qd5 15. b4 Bf8 16. a4 {[%cal Ba2a4,Ba4b5][%mdl 32]} b5 17. Qe2 Nd7 {[#]} (17... Qd7 $11 {remains equal.}) 18. d4 $1 $16 {[%mdl 512]} exd4 {[#] aiming for ...Bf5.} 19. Be4 $1 {[%cal Re4d5]} ({And not} 19. Qd3 Nf6 $17) 19... Qd6 20. axb5 d3 21. Qxd3 Qxd3 22. Bxd3 axb5 23. Rxa8 Rxa8 24. Bxb5 Ndb8 (24... Na7 $16 {was called for.} 25. Bd3 c5) 25. Bf4 $18 {White is clearly better.} Ra7 26. Ne2 g5 27. Be3 {Hoping for Bxc6.} Ra3 28. h4 gxh4 29. Nxh4 Bg7 30. Nf3 Ne7 31. Nfd4 Bd7 (31... Nd5 $16 32. Bc1 Ra8) 32. Bxd7 Nxd7 33. Nb5 {Precision: White = 88%, Black = 54%.} 1-0

[Event "Condigne Dutch Open 2018"]
[Site "Dieren"]
[Date "2018.07.25"]
[Round "2"]
[White "Pruijssers, Roeland"]
[Black "Godbole, Atharva"]
[Result "1-0"]
[WhiteElo "2501"]
[BlackElo "2128"]
[Annotator "TA"]
[PlyCount "57"]
[EventDate "2018.07.24"]
[EventType "swiss"]
[EventCountry "NED"]
[SourceTitle "playchess.com"]
[Source "ChessBase"]
[SourceQuality "1"]

{[%evp 24,57,37,39,81,29,32,39,36,17,39,40,59,67,167,157,208,230,274,286,244,231,229,212,323,335,520,518,656,632,767,756,1412,1356,1669,1604]} 1. e4 e5 2. Nf3 Nc6 3. Bb5 a6 4. Ba4 Nf6 5. d3 d6 6. c3 Be7 7. O-O b5 8. Bc2 O-O 9. Nbd2 {[%cal Bb1d2,Bd2f1,Bf1g3][%mdl 32]} Re8 {C77: Ruy Lopez: 3...a6 4 Ba4 Nf6, unusual lines} (9... d5 10. d4 exd4 11. e5 d3 12. Bxd3 Ng4 13. Qe2 f6 14. exf6 Nxf6 15. h3 Bd6 16. Re1 Re8 17. Qd1 Rxe1+ 18. Qxe1 {½-½ (43) Karjakin,S (2773)-Aronian,L (2799) Saint Louis 2017}) 10. Re1 Bf8 11. Nf1 g6 12. Ng3 Bg7 13. h3 {LiveBook: 10 Games} d5 {[#]} 14. exd5 $146 ({White should try} 14. d4 $16) ({Predecessor:} 14. Bg5 Be6 15. d4 h6 16. dxe5 Nxe5 17. Bf4 Nc6 18. e5 Nd7 19. Qd2 {1-0 (34) Najer,E (2663)-Aleksandrov,A (2605) Sochi 2015}) 14... Nxd5 $11 15. Bg5 f6 16. Bd2 Be6 17. a4 b4 18. a5 Nf4 (18... f5 $14) 19. d4 {[%cal Bd3d4,Bd4e5][%mdl 32]} Bd5 (19... bxc3 $16 20. bxc3 Rb8) 20. dxe5 $18 (20. cxb4 Bxf3 21. gxf3 Nxh3+ 22. Kg2 Nf4+ 23. Bxf4 exf4 $14) 20... Bxf3 21. Qxf3 Qxd2 22. Bb3+ ({But not} 22. Qxc6 fxe5 23. Qa4 Qd6) 22... Kh8 23. Qxc6 {[#] aiming for Rad1.} fxe5 (23... f5 $142) 24. Ne4 Qxb2 (24... Qd8 $142 25. Rad1 (25. cxb4 Rb8 $18) 25... Qh4) 25. Bf7 {White is clearly winning.} Reb8 26. Ra2 Ne2+ 27. Kf1 ({Weaker is} 27. Rxe2 Qc1+ 28. Kh2 Qf4+ 29. g3 Qxf7 $16) 27... bxc3 28. Rxb2 cxb2 29. Kxe2 {Precision: White = 75%, Black = 14%.} 1-0

[Event "Condigne Dutch Open 2018"]
[Site "Dieren"]
[Date "2018.07.25"]
[Round "2"]
[White "Loginov, Valery A"]
[Black "Anand Nadar"]
[Result "1/2-1/2"]
[WhiteElo "2493"]
[BlackElo "2346"]
[Annotator "TA"]
[PlyCount "82"]
[EventDate "2018.07.24"]
[EventType "swiss"]
[EventCountry "NED"]
[SourceTitle "playchess.com"]
[Source "ChessBase"]
[SourceQuality "1"]

{[%evp 23,82,28,60,60,67,16,80,42,29,32,40,-18,-20,-12,-11,-11,145,144,139,147,141,9,10,2,10,2,0,-6,-10,-9,52,35,39,-43,-43,-60,-40,-66,-31,-99,-28,-52,-44,-36,-35,-36,68,63,63,72,70,70,56,0,0,0,0,0,0,8,3]} 1. e4 e5 2. Nf3 Nc6 3. Bb5 a6 4. Ba4 Nf6 5. O-O Be7 6. Re1 b5 7. Bb3 O-O 8. a4 b4 9. d3 d6 10. a5 Bg4 11. Be3 {C88: Closed Ruy Lopez: Anti-Marshall Systems} (11. Nbd2 Nd4 12. Bc4 c5 13. h3 Bxf3 14. Nxf3 Nc6 15. Bg5 Nxa5 16. Bxf6 Bxf6 17. Bd5 Ra7 18. c3 Qb6 {½-½ (57) Barbosa,O (2538)-Wang,Y (2716) Jakarta 2011}) 11... d5 12. Nbd2 h6 {LiveBook: 7 Games} 13. exd5 {White is slightly better.} Nxd5 14. h3 (14. Qe2 $14) 14... Bh5 (14... Be6 $11) 15. Ne4 $146 ({Predecessor:} 15. g4 Bg6 16. Ba4 Nxa5 17. Nxe5 Bd6 18. Nc6 Nxc6 19. Bxc6 Nxe3 20. Rxe3 {0-1 (65) Zarkovic,M (2218)-Vijayalakshmi,S (2357) Sharjah 2017}) 15... Nxe3 16. fxe3 Bg6 17. Ba4 (17. Rf1 $14) 17... Nxa5 $11 18. Nxe5 Bxe4 $1 19. dxe4 Bd6 $2 (19... Bf6 $11 20. Qh5 g6 21. Nxg6 fxg6 22. Qxa5 (22. Qxg6+ Bg7 $15) 22... Qd6) 20. Nd7 $1 $16 Re8 21. Qd5 $1 {[%cal Rd5a5]} Qg5 {[#]} 22. Rad1 ({Only move:} 22. Qxg5 $1 $16 hxg5 {[#]} 23. Nf6+ $1 {[%mdl 512]} gxf6 24. Bxe8) 22... Qxd5 $11 23. Rxd5 Nc4 24. b3 Bg3 25. Re2 Nd6 26. Bc6 $1 $132 {[%mdl 2048] White has counterplay} Rad8 (26... Nxe4 $11 27. Bxa8 Rxa8) 27. Nc5 Re7 28. Nd3 (28. Nxa6 $14 Rxe4 29. Rd1) 28... Rb8 $15 29. Rd4 a5 30. Nf4 Re5 {White must now prevent ...a4!} 31. Red2 (31. Nd3 $15 Rg5 32. h4) 31... Be1 ({Better is} 31... Rb6 $17 32. Bd5 c5) 32. Rd1 Bc3 {Threatens to win with ...Rc5.} 33. Rd5 Rb6 34. Ba4 Kf8 ({Much weaker is} 34... Rxe4 $6 35. Rxa5 Rb8 36. Nd5 $14) (34... Nxe4 $15 35. Rxe5 Bxe5) 35. Rxe5 $1 $14 Bxe5 36. Rd5 Bc3 37. Rxa5 Rb8 38. e5 (38. Rc5 $14) 38... Nc4 $1 $11 {[%cal Rc4a5] The position is equal.} 39. Rc5 Nxe3 {Hoping for ...Bd4.} 40. Ne2 Nxc2 41. Nxc3 bxc3 {Precision: White = 33%, Black = 49%.} 1/2-1/2

[Event "Condigne Dutch Open 2018"]
[Site "Dieren"]
[Date "2018.07.25"]
[Round "2"]
[White "Anurag, Mhamal"]
[Black "Elgersma, Onno"]
[Result "1-0"]
[WhiteElo "2484"]
[BlackElo "2150"]
[Annotator "TA"]
[PlyCount "99"]
[EventDate "2018.07.24"]
[EventType "swiss"]
[EventCountry "NED"]
[SourceTitle "playchess.com"]
[Source "ChessBase"]
[SourceQuality "1"]

{[%evp 22,99,44,44,67,51,52,21,44,36,59,59,58,43,54,56,70,71,74,75,72,65,83,70,93,100,120,120,197,194,205,185,384,359,314,201,465,453,941,857,1410,352,356,343,343,348,439,437,420,405,472,467,459,435,464,376,1656,1624,1648,1638,1633,1632,1640,1634,1625,1627,1633,1633,1577,1545,29977,29955,29982,29983,29983,29984,29984,29984,29985,29986]} 1. e4 e6 2. d4 d5 3. Nd2 Nf6 4. e5 Nfd7 5. Bd3 c5 6. c3 Nc6 7. Ngf3 cxd4 8. cxd4 f6 9. exf6 Nxf6 10. O-O Bd6 11. b3 O-O {C06: Französische Verteidigung (Tarrasch-Variante)} 12. Bb2 {LiveBook: 34 Partien} Nh5 (12... Bd7 13. Ne5 Qb6 14. Nxd7 Nxd7 15. Qg4 Rae8 16. Nf3 Nf6 17. Qh4 e5 18. dxe5 Nxe5 19. Bxe5 Bxe5 {1-0 (66) Fedorchuk,S (2669)-Piorun,K (2517) Wroclaw 2014}) 13. g3 g6 {Weiß steht etwas besser.} 14. Qe2 Bd7 15. Rac1 Rc8 16. Ne5 $146 ({Vorgänger:} 16. Rfe1 Ng7 17. a3 a5 18. Bb5 Qe7 19. a4 {1-0 (50) Diamant,A (2472)-Xia,Y (2079) Las Vegas 2012}) 16... Nxe5 17. dxe5 Bc5 18. Nf3 Qe7 19. Rc2 Bb6 20. Rxc8 Rxc8 21. Bc1 Rf8 22. Be3 Bxe3 23. Qxe3 ({Viel schwächer wäre} 23. fxe3 Ng7 $11) 23... a6 24. Rc1 Rc8 (24... Qd8 $16 {ist wohl besser.} 25. Nd4 Ng7) 25. Rxc8+ $18 Bxc8 26. Qc1 Qd7 $2 (26... Qf8 {war angesagt.} 27. Nd4 Ng7) 27. h4 Ng7 28. Nh2 b6 $2 (28... Qd8 29. Ng4 Nh5) 29. Ng4 {Und Sf6+ würde nun gewinnen.} Ne8 {[#]} (29... Nh5 $142 30. Nh6+ Kf8) 30. h5 $1 {[%mdl 512]} gxh5 31. Qg5+ $2 (31. Nf6+ Nxf6 32. exf6) 31... Qg7 {[#]} 32. Bxh7+ $1 {[%mdl 512]} Kf8 (32... Kxh7 33. Qxh5+) 33. Qxh5 d4 34. Bg6 Bd7 35. Qg5 d3 36. Qf4+ Ke7 37. Bxd3 Bc6 38. Be4 Kd7 $2 (38... Bxe4 39. Qxe4 Kf8) 39. Nf6+ Nxf6 40. exf6 Qf7 41. Bxc6+ Kxc6 {[%mdl 4096] Endspiel KD-KD} 42. g4 {[%cal Bg3g4,Bg4g5][%mdl 32]} Kd5 43. g5 b5 44. Kg2 a5 45. Qb8 Qh5 46. Qxb5+ {Weiß setzt Matt.} Ke4 47. Qc6+ Kf4 48. Qc4+ Kf5 49. Qd3+ Kf4 50. Qe3+ {Precision: Weiß = 79%, Schwarz = 21%.} 1-0

[Event "Condigne Dutch Open 2018"]
[Site "Dieren"]
[Date "2018.07.25"]
[Round "2"]
[White "Beerdsen, Thomas"]
[Black "Maris, Ivo"]
[Result "1/2-1/2"]
[WhiteElo "2469"]
[BlackElo "2342"]
[Annotator "ChessBase"]
[PlyCount "41"]
[EventDate "2018.07.24"]
[EventType "swiss"]
[EventCountry "NED"]
[SourceTitle "playchess.com"]
[Source "ChessBase"]
[SourceQuality "1"]
[TimeControl "40/5400+30:1800+30"]

1. e4 {[%emt 0:00:00]} e5 {[%emt 0:01:21]} 2. Nf3 {[%emt 0:00:00]} Nf6 {[%emt 0:00:05]} 3. Nxe5 {[%emt 0:00:04]} d6 {[%emt 0:00:03]} 4. Nf3 {[%emt 0:00:04]} Nxe4 {[%emt 0:00:06]} 5. Nc3 {[%emt 0:00:03]} Nxc3 {[%emt 0:00:13]} 6. dxc3 {[%emt 0:00:05]} Be7 {[%emt 0:00:25]} 7. Bd3 {[%emt 0:01:42]} Nc6 {[%emt 0:01:19]} 8. Be3 {[%emt 0:02:36]} Be6 {[%emt 0:02:07]} 9. Qd2 {[%emt 0:00:27]} Qd7 {[%emt 0:00:58]} 10. a4 {[%emt 0:03:25]} h6 {[%emt 0:03:29]} 11. h3 {[%emt 0:04:36]} Bf5 {[%emt 0:10:35]} 12. O-O {[%emt 0:06:38]} O-O {[%emt 0:02:11]} 13. a5 {[%emt 0:00:29]} a6 {[%emt 0:01:26]} 14. b4 {[%emt 0:01:31]} Ne5 {[%emt 0:03:43]} 15. Be2 {[%emt 0:04:13]} Be6 {[%emt 0:03:38]} 16. Bd4 {[%emt 0:02:37]} Nc6 {[%emt 0:05:00]} 17. Rad1 {[%emt 0:02:32]} Rad8 {[%emt 0:03:57]} 18. Rfe1 {[%emt 0:06:17]} Rfe8 {[%emt 0:01:15]} 19. Be3 {[%emt 0:03:32]} Ne5 {[%emt 0:13:17]} 20. Bd4 {[%emt 0:00:44]} Nc6 {[%emt 0:00:11]} 21. Be3 {[%emt 0:00:04]} 1/2-1/2

[Event "Condigne Dutch Open 2018"]
[Site "Dieren"]
[Date "2018.07.25"]
[Round "2"]
[White "Warmerdam, Max"]
[Black "Saravanan V"]
[Result "1-0"]
[WhiteElo "2424"]
[BlackElo "1174"]
[Annotator "NA"]
[PlyCount "59"]
[EventDate "2018.07.24"]
[EventType "swiss"]
[EventCountry "NED"]
[SourceTitle "playchess.com"]
[Source "ChessBase"]
[SourceQuality "1"]
[TimeControl "40/5400+30:1800+30"]

1. d4 {[%emt 0:00:00]} Nf6 {[%emt 0:00:00]} 2. c4 {[%emt 0:00:00]} g6 {[%emt 0:00:21]} 3. g3 {[%emt 0:00:00]} Bg7 {[%emt 0:00:05]} 4. Bg2 {[%emt 0:00:00]} O-O {[%emt 0:00:12]} 5. Nc3 {[%emt 0:00:00]} c5 {[%emt 0:01:48]} 6. dxc5 {[%emt 0:00:28]} Qa5 {[%emt 0:02:24]} 7. Qa4 {[%emt 0:00:34]} Qxc5 {[%emt 0:02:46]} 8. Be3 {[%emt 0:00:06]} Qc7 {[%emt 0:00:55]} 9. c5 {[%emt 0:07:51]} Nc6 {[%emt 0:07:09]} 10. Rd1 {[%emt 0:11:06]} d5 {[%emt 0:11:40]} 11. cxd6 {[%emt 0:01:22]} exd6 {[%emt 0:00:06]} 12. Nf3 {[%emt 0:01:34]} d5 {[%emt 0:02:17]} 13. O-O {[%emt 0:01:18]} Rd8 {[%emt 0:01:12]} 14. Qh4 $16 {[%emt 0:03:12]} Ne7 {[%emt 0:11:48]} 15. Nd4 {[%emt 0:04:59]} a6 {[%emt 0:11:36]} 16. Bg5 {[%emt 0:21:02]} Qb6 {[%emt 0:00:59]} 17. Na4 {[%emt 0:15:46]} Qd6 {[%emt 0:01:10]} 18. e4 {[%emt 0:02:40]} dxe4 {[%emt 0:01:03]} 19. Nc6 {[%emt 0:02:40]} Qxd1 {[%emt 0:05:46]} 20. Nxe7+ {[%emt 0:00:45]} Kf8 {[%emt 0:00:05]} 21. Rxd1 {[%emt 0:00:49]} Rxd1+ {[%emt 0:00:11]} 22. Bf1 {[%emt 0:00:02]} Kxe7 {[%emt 0:06:45]} 23. Nc3 {[%emt 0:07:14]} Rd6 {[%emt 0:06:21]} 24. Nxe4 {[%emt 0:02:04]} Rc6 {[%emt 0:00:06]} 25. Bg2 {[%emt 0:02:10]} Re6 {[%emt 0:04:42]} 26. Qxh7 {[%emt 0:09:49]} Kf8 {[%emt 0:01:45]} 27. Nxf6 {[%emt 0:01:21]} Bxf6 {[%emt 0:00:07]} 28. Bd5 {[%emt 0:00:10]} Re1+ {[%emt 0:01:10]} 29. Kg2 {[%emt 0:00:04]} Bg7 {[%emt 0:00:06]} 30. Bf6 {[%emt 0:00:19]} 1-0

[Event "Condigne Dutch Open 2018"]
[Site "Dieren"]
[Date "2018.07.25"]
[Round "2"]
[White "Vrolijk, Liam"]
[Black "Vogel, Jaap"]
[Result "1-0"]
[WhiteElo "2419"]
[BlackElo "2187"]
[Annotator "NA"]
[PlyCount "69"]
[EventDate "2018.07.24"]
[EventType "swiss"]
[EventCountry "NED"]
[SourceTitle "playchess.com"]
[Source "ChessBase"]
[SourceQuality "1"]
[TimeControl "40/5400+30:1800+30"]

1. e4 {[%emt 0:00:00]} e6 {[%emt 0:00:00]} 2. d4 {[%emt 0:00:00]} d5 {[%emt 0:00:00]} 3. Nd2 {[%emt 0:00:00]} Nf6 {[%emt 0:00:12]} 4. e5 {[%emt 0:00:00]} Nfd7 {[%emt 0:00:05]} 5. Bd3 {[%emt 0:00:00]} c5 {[%emt 0:00:32]} 6. c3 {[%emt 0:00:06]} Nc6 {[%emt 1:32:11]} 7. Ne2 {[%emt 1:33:24]} cxd4 {[%emt 0:00:00]} 8. cxd4 {[%emt 0:00:00]} f6 {[%emt 0:00:00]} 9. exf6 {[%emt 0:00:00]} Nxf6 {[%emt 0:00:00]} 10. Nf3 {[%emt 0:00:00]} Bd6 {[%emt 0:00:00]} 11. O-O {[%emt 0:00:00]} Qc7 {[%emt 0:00:00]} 12. h3 {[%emt 0:00:00]} O-O {[%emt 0:00:00]} 13. Be3 {[%emt 0:00:00]} a6 {[%emt 0:00:00]} 14. Rc1 {[%emt 0:00:00]} Bd7 {[%emt 0:00:00]} 15. Re1 {[%emt 0:00:00]} Rac8 {[%emt 0:00:00]} 16. a3 {[%emt 0:00:00]} Qb8 {[%emt 0:00:00]} 17. Qd2 {[%emt 0:00:00]} e5 {[%emt 0:00:00]} 18. dxe5 {[%emt 0:00:00]} Nxe5 {[%emt 0:00:00]} 19. Nxe5 {[%emt 0:00:00]} Bxe5 {[%emt 0:00:00]} 20. Bd4 {[%emt 0:00:00]} Rxc1 {[%emt 0:00:00]} 21. Rxc1 {[%emt 0:00:00]} Bxd4 {[%emt 0:00:00]} 22. Nxd4 {[%emt 0:00:00]} Ne4 {[%emt 0:00:00]} 23. Bxe4 {[%emt 0:00:00]} dxe4 {[%emt 0:00:00]} 24. Nb3 {[%emt 0:00:00]} Bc6 {[%emt 0:00:00]} 25. Na5 {[%emt 0:00:00]} Rd8 {[%emt 0:00:00]} 26. Qb4 {[%emt 0:00:00]} Qf4 {[%emt 0:00:13]} 27. Qc4+ {[%emt 0:00:00]} Bd5 {[%emt 0:01:06]} 28. Qc3 {[%emt 0:00:00]} b6 {[%emt 0:03:43]} 29. Nc6 {[%emt 0:00:00]} Bxc6 {[%emt 0:00:25]} 30. Qxc6 {[%emt 0:00:00]} e3 {[%emt 0:00:07]} 31. Qe6+ {[%emt 0:00:00]} Qf7 {[%emt 0:02:40]} 32. Qxe3 {[%emt 0:00:00]} b5 {[%emt 0:01:40]} 33. Qb6 {[%emt 0:00:00]} Re8 {[%emt 0:01:42]} 34. Qxa6 {[%emt 0:00:00]} Qf4 {[%emt 0:00:15]} 35. Rc8 {[%emt 0:00:00]} 1-0

[Event "Condigne Dutch Open 2018"]
[Site "Dieren"]
[Date "2018.07.25"]
[Round "2"]
[White "Beukema, Stefan"]
[Black "Van den Doel, Erik"]
[Result "0-1"]
[WhiteElo "2404"]
[BlackElo "2593"]
[Annotator "TA"]
[PlyCount "80"]
[EventDate "2018.07.24"]
[EventType "swiss"]
[EventCountry "NED"]
[SourceTitle "playchess.com"]
[Source "ChessBase"]
[SourceQuality "1"]

{[%evp 17,80,1,16,14,15,6,0,4,21,42,21,17,36,-9,-9,-9,-9,-9,-9,-9,-9,-9,-9,-9,-9,-9,-9,-10,-10,-37,-28,-27,-24,-29,0,-12,0,-35,-29,-89,-72,-113,-113,-112,-52,-167,-117,-285,-288,-285,-280,-261,-242,-232,-247,-276,-177,-193,-101,-275,-301,-490,-407,-471,-466]} 1. e4 e5 2. Nf3 Nc6 3. Bc4 Bc5 4. c3 Nf6 5. d3 d6 6. a4 {C54: Giuoco Piano: 4 c3 Nf6, main lines with 5 d4 and 5 d3} (6. O-O h6 7. Re1 O-O 8. h3 a5 9. Nbd2 Be6 10. Bb5 Qb8 11. Nf1 Qa7 12. Re2 a4 13. Ng3 Qa5 14. Bxc6 bxc6 15. Nh4 Rfe8 16. Re1 {½-½ (28) Mamedyarov,S (2808)-Karjakin,S (2782) Stavanger 2018}) 6... a5 7. O-O h6 8. Re1 O-O 9. Nbd2 {[%cal Bb1d2,Bd2f1,Bf1g3][%mdl 32]} Ne7 {LiveBook: 4 Games} 10. Nf1 Ng6 11. Ng3 c6 12. Bb3 $146 ({Predecessor:} 12. Ba2 Ba7 13. d4 Bg4 14. h3 Bxf3 15. Qxf3 exd4 {1-0 (40) Smirin,I (2676)-Motylev,A (2660) Poikovsky 2016}) 12... Qb6 13. d4 exd4 14. cxd4 Bb4 15. Re2 Bg4 16. h3 Bxf3 17. gxf3 Nh4 18. Re3 d5 {aiming for ...c5.} 19. e5 $1 {[%cal Re5f6]} Ne8 {[%cal Bf6e8,Be8g7,Bg7e6][%mdl 32]} 20. f4 {Hoping for f5.} f5 $1 21. Bc2 {[#] Strongly threatening Qh5.} g6 22. Rb3 Ng7 23. Be3 Ne6 24. Ne2 Rf7 25. Kh1 Qd8 26. Qg1 Rg7 27. Qg3 (27. f3 $5) 27... g5 28. fxg5 hxg5 29. Rg1 Qe7 30. Bc1 Rf8 ({Black should try} 30... Kh8 $17) 31. Qd3 (31. f4 $1 $15 gxf4 32. Qf2) 31... Qf7 32. Bd2 $2 (32. f4 $17) 32... Bxd2 33. Qxd2 {[#]} Qh5 $1 {...Nf3 is the strong threat.} 34. Ng3 Qh6 35. Nf1 Ng6 {[%cal Bh4g6,Bg6f4,Bf4e2][%mdl 32]} 36. Nh2 Qh4 37. Rbg3 {intending Nf3.} Qf4 ({But not} 37... Qxd4 38. Qxd4 Nxd4 39. Rxg5 $15) (37... Qh7 $19 38. Qd3 Ngf4) 38. Qxf4 $2 (38. Qc3 $17) 38... Ngxf4 $19 39. Nf3 $2 (39. Bd3) 39... Ne2 40. Rxg5 Nxg5 {Precision: White = 54%, Black = 51%.} 0-1